La villa de Cáceres y la Reina Católica. (Record no. 64289)

MARC details
000 -LEADER
campo de control de longitud fija 00740nam a2200205 i 4500
001 - NÚMERO DE CONTROL
campo de control 64289
003 - IDENTIFICADOR DE NÚMERO DE CONTROL
campo de control ES-MaACL
005 - FECHA Y HORA DE LA ÚLTIMA TRANSACCIÓN
campo de control 20251013194838.0
007 - CAMPO FIJO DE DESCRIPCIÓN FÍSICA--INFORMACIÓN GENERAL
campo de control de longitud fija t|
008 - DATOS DE LONGITUD FIJA--INFORMACIÓN GENERAL
campo de control de longitud fija 031223s1917 sp |||| |dspa d
080 ## - NÚMERO DE LA CLASIFICACIÓN DECIMAL UNIVERSAL
Número de la Clasificación Decimal Universal 9(460.251 C)"15"(001)
100 1# - ENTRADA PRINCIPAL--NOMBRE DE PERSONA
Nombre de persona Floriano, Antonio C.,
Fechas asociadas al nombre 1892-1979
9 (RLIN) 51331
245 13 - MENCIÓN DEL TÍTULO
Título La villa de Cáceres y la Reina Católica.
Número de parte o sección de la obra I,
Nombre de parte o sección de la obra Ordenanza y Concejo que a Cáceres dio la reina Doña Isabel primera de Castilla /
Mención de responsabilidad, etc. Antonio C. Floriano.
260 ## - PUBLICACIÓN, DISTRIBUCIÓN, ETC.
Lugar de publicación, distribución, etc. Cáceres :
Nombre del editor, distribuidor, etc. [s.n.],
Fecha de publicación, distribución, etc. 1917.
300 ## - DESCRIPCIÓN FÍSICA
Extensión 116 p. ;
Dimensiones 15 cm.
600 07 - PUNTO DE ACCESO ADICIONAL DE MATERIA--NOMBRE DE PERSONA
Nombre de persona Isabel
Numeración I,
Títulos y otros términos asociados al nombre Reina de Castilla-
Subdivisión general Viajes
Fuente del encabezamiento o término
9 (RLIN) 167425
650 #7 - PUNTO DE ACCESO ADICIONAL DE MATERIA--TÉRMINO DE MATERIA
Término de materia o nombre geográfico como elemento de entrada Ordenanzas municipales-
Subdivisión geográfica Cáceres
Fuente del encabezamiento o término
9 (RLIN) 146018
852 ## - LOCALIZACIÓN
Ubicación ES-MaACL
Número de control de estantería 1548-F-18
Holdings
Estatus retirado Estado de pérdida Estado de daño No para préstamo Colección Biblioteca de origen Biblioteca actual Ubicación en estantería Fecha de adquisición Fuente de adquisición Total de préstamos Signatura topográfica completa Código de barras Visto por última vez Precio de reemplazo Tipo de ítem Koha
        Colección de folletos Biblioteca del Ateneo de Madrid Biblioteca del Ateneo de Madrid Depósito folletos 17/01/2008     1548-F-18 1067369 23/02/2023 23/02/2023 Folleto